000
00311nam a2200133Ia 4500
005
20260326235453.0
008
260326s9999||||xx |||||||||||||| ||und||
100
_a
Mango, Cyril
245
0
_a
Byzantine Architecture /
_c
Cyril Mango
260
_b
Rizzoli
300
_a
215 p.
650
_a
EDAD MEDIA
942
_c
BK
999
_c
7843
_d
7843